=LDR 00000nam 2200000 4500 =001 INLIS000000000028534 =005 20201207095228 =035 ##$$a 0010-061300000028534 =008 201207################g##########0#ind## =041 ##$$a ind =082 ##$$a 327.73 =090 ##$$a 327.2, FIN d =100 1#$$a Findley, Paul =245 1#$$a Mereka berani bicara : $b Menggugat dominasi lobi yahudi /$c Paul Findley ; penerjemah Hamid Bassyaib =260 ##$$a Bandung :$b Mizan,$c 1990 =300 ##$$a 434 hlm. ; $c 21x14 cm =650 #4$$a Politik Luar Negeri =850 ##$$a NBPNMAT =084 ##$$a 327.73 FIN m =700 1#$$a Astuti, Rahmani =504 ##$$a Bibliografi : hlm. 357 - 370 =504 ##$$a Indeks : hlm. 371 - 383 =250 ##$$a cet.1 =990 ##$$a 99.695/Pro.96 =990 ##$$a 00086786 =990 ##$$a 00089365 =990 ##$$a 99.694/pro.96 =990 ##$$a 111.936 pro.97 =990 ##$$a 111.935/pro-97